Statistics for Characters from anime series quiz

Click here to take the quiz!

General Stats

  • This quiz has been taken 1,268 times
  • The average score is 7 of 30

Answer Stats

HintAnswer% Correct
An apathetic boy who refuses to get into the robot to kill the angelsShinji Ikari
63%
Space Cowboy who searches the galaxy to collect bountiesSpike Spiegel
58%
Highschool girl who forms the SOS Brigade and has the godlike power to make anything she believes come trueHaruhi Suzumiya
49%
Antagonist with a creepy clown like appearance and his main power is his "bungee gum" nen.Hisoka
39%
A mad scientist who invents a microwave that can send text messages back in timeRintarou Okabe
39%
Once a biker gang leader, now aspires to be the world's greatest teacherEikichi Onizuka
38%
A human turned vampire after wearing a mask who feuds with the main characters over many generations. It was I _____!Dio Brando
35%
The world's best detective who pledges to stop Kira's killing spree in a battle of wits (full name)L Lawliet
33%
A demi-god king of Uruk, Mesopotamia who is summoned in the Holy Grail WarGilgamesh
29%
A wolf goddess who travels with a merchant towards her home in the northHolo
26%
A cop with a flaming skull and sunglasses that can transform into a carInferno Cop
23%
An antisocial high school student who is made to join the service clubHachiman Hikigaya
22%
A vampire that has lived for 500 years but now adopts the appearance of a little girl. Has a unique laugh and a love of doughnutsShinobu Oshino
21%
A transfer student from America who is forced into a fake relationship with the main character who often calls her a gorilla.Chitoge Kirisaki
20%
An information broker who often gets into fights with a "bartender" who has superhuman strengthIzaya Orihara
19%
An enchanter in the MMO, Elder Tale, known for pushing his glasses and strategyShiroe
19%
A man who acts as a big brother to the main character in the battle against the beastmenKamina
16%
The student council president of Honnouji Academy who rules with an iron fistSatsuki Kiryuuin
15%
Once went by the alias of "Dark Flame Master" but now regrets itYuuta Togashi
14%
A hardcore gambler who gets involved in shady bets to erase his debtsKaiji Itou
13%
A chinese contractor who goes by the alias "Li Shengshun". He possessed lightning powers and is sometimes called "Chinese Electric Batman" by fansHei
11%
A terran who claims power within the Martian Empire after killing his adopted fatherSlaine Troyard
9%
A shut in who believes that everything that happens around him is a conspiracy due to the NHKTatsuhiro Satou
8%
Self titled "strategian" of the shogunate and the daughter of a fallen feudal lord. Yells "Cheerio!" instead of "Chesto!"Togame
7%
Boy turned zombie who can become a magically ornamented girl wielding a pink chainsawAyumu Aikawa
6%
Ping pong player from China who moves to Japan to try to regain his gloryKong Wenge
6%
Drives a Toyota Sprinter Trueno AE86 and delivers tofuTakumi Fujiwara
5%
A federation agent that chases a space criminal to Earth and must share her body with a young boy until his body recoversBirdy Cephon Altera
4%
Japanese boxing junior middleweight champion known for his flicker jabsMashiba Ryou
4%
A bounty hunter who was accused of killing the father of his childhood friend and is chased by said friendFavaro Leone
2%

Score Distribution

Percentile by Number Answered

Percent of People with Each Score

Your Score History

You have not taken this quiz